|
|
|
|
| LEADER |
01246nam a2200325 a 4500 |
| 001 |
4259217 |
| 008 |
090519s1985 moua b 001 0 eng d |
| 010 |
|
|
|a 84009953
|
| 020 |
|
|
|a 0801656478 (pbk.)
|
| 040 |
|
|
|a DLC
|c DLC
|d DLC
|
| 060 |
|
|
|a WQ 175 W993n
|
| 082 |
0 |
0 |
|a 613.2
|2 19
|
| 100 |
2 |
|
|a Worthington-Roberts, Bonnie S.,
|d 1943-
|
| 245 |
1 |
0 |
|a Nutrition in pregnancy and lactation /
|c Bonnie S. Worthington-Roberts, Joyce Vermeersch, Sue Rodwell Williams.
|
| 250 |
|
|
|a 3rd ed.
|
| 260 |
|
|
|a St. Louis :
|b Times Mirror/Mosby College Pub.,
|c 1985.
|
| 300 |
|
|
|a xiii, 464 p. :
|b ill. ;
|c 24 cm.
|
| 504 |
|
|
|a Includes bibliographies and index.
|
| 541 |
1 |
|
|e 00004357
|
| 650 |
|
0 |
|a Pregnancy
|x Nutritional aspects.
|
| 650 |
|
0 |
|a Mothers
|x Nutrition.
|
| 650 |
|
0 |
|a Lactation
|x Nutritional aspects.
|
| 650 |
|
2 |
|a Lactation.
|
| 650 |
|
2 |
|a Nutrition
|x in pregnancy.
|
| 650 |
|
2 |
|a Health Education.
|
| 700 |
1 |
|
|a Vermeersch, Joyce,
|d 1945-
|
| 700 |
1 |
|
|a Williams, Sue Rodwell.
|
| 852 |
4 |
|
|a <add your library>
|j <shelf mark>
|
| 999 |
|
|
|c 819
|d 819
|
| 952 |
|
|
|0 0
|1 0
|2 ddc
|4 0
|6 613_200000000000000_WOR_1985
|7 0
|8 NFIC
|9 759
|a BRACUL
|b BRACUL
|c GEN
|d 2009-05-19
|g 0.00
|l 0
|o 613.2 WOR
|p 3010003414
|r 2009-05-19
|t 1
|w 2009-05-19
|y BK
|x No price found in the accession register.
|